000 00572nam a2200205 i 4500
001 146978
003 ES-MaACL
005 20250512063036.0
007 t|
008 070920s1972 sp ||||1| spa d
080 _a929 Trotsky, Leon
080 _a94(470)"1894/1917"
080 _a94(470)"1917/21"
100 1 _aTrotsky, Leon,
_d1879-1940
_9240350
245 1 0 _aMi vida
_b: (Autobiografía) /
_cLeon Trotsky.
260 _a[Algorta] :
_bZero,
_c[1972]
300 _a588 p. ;
_c21 cm.
852 _aES-MaACL
_jC-43530
_bR.82432
999 _c146978
_d146978